| 000 | 00407nam a2200169Ia 4500 | ||
|---|---|---|---|
| 008 | 180424s9999 xx 000 0 und d | ||
| 084 | _a540 S26 | ||
| 100 | _a"Scarlett, Andrew J" | ||
| 245 | 0 | _aCollege Chemistry | |
| 250 | _a\\195600ENGGPSX | ||
| 260 | _aHenry Holt and Co | ||
| 260 | _b1956 | ||
| 260 | _cNew York | ||
| 300 | _aviii+499p | ||
| 500 | _aincludes index and biblioraphy | ||
| 942 | _cBK | ||
| 999 |
_c30266 _d30266 |
||